00919nam a2200229 a 4500001001000000003000500010005001700015008004100032010001100073011001100084040000900095100003700104245014700141260004100288500006000329502009700389650004300486650002800529650003200557650003000589856007000619000112360CHAP20220329144259.0160304s2016 mx a |sm |||||||spa d a108821 a109793 cCHAP1 aHernández Ponce, Marco Antonio10aDeterminación técnica y financiera de la engorda de ganado bovino, Estado de Chihuahuah[En línea]cpor Marco Antonio Hernández ponce. aChapingo, Méx. :bEl autor,c2016. aPara ver el contenido del material haga clic en la liga aTesis (Licenciado en Económia) -- UACH. División de Ciencias Económico Administrativas14aGanado vacunoxCostos de producción.14aGanado vacunoxEngorda.14aGanado vacunoxRendimiento.14aGanado vacunozChihuahua. aFinding aiduhttp://10.13.5.2/tesis/sist112360.pdfzTeclea aquí